Practical business math procedures (Record no. 14451)

MARC details
000 -LEADER
fixed length control field 00461nam a22001697a 4500
003 - CONTROL NUMBER IDENTIFIER
control field URS
005 - DATE AND TIME OF LATEST TRANSACTION
control field 20220114171653.0
008 - FIXED-LENGTH DATA ELEMENTS--GENERAL INFORMATION
fixed length control field 170328b xxu||||| |||| 00| 0 eng d
020 ## - INTERNATIONAL STANDARD BOOK NUMBER
International Standard Book Number 0072468564
050 ## - LIBRARY OF CONGRESS CALL NUMBER
Classification number HF5691
Item number S631 2003
100 ## - MAIN ENTRY--PERSONAL NAME
Personal name Slater, Jeffrey
Relator code author
245 ## - TITLE STATEMENT
Title Practical business math procedures
Statement of responsibility, etc. Jeffrey Slater
250 ## - EDITION STATEMENT
Edition statement Seventh Edition
260 ## - PUBLICATION, DISTRIBUTION, ETC.
Place of publication, distribution, etc. Boston:
Name of publisher, distributor, etc. McGraw-Hill,
Date of publication, distribution, etc. 20013
300 ## - PHYSICAL DESCRIPTION
Extent Various pages;
Dimensions 30 cm.
942 ## - ADDED ENTRY ELEMENTS (KOHA)
Koha item type Foreign Books
Source of classification or shelving scheme Library of Congress Classification
Holdings
Withdrawn status Source of classification or shelving scheme Damaged status Not for loan Collection code Home library Current library Shelving location Date acquired Total Checkouts Full call number Barcode Date last seen Price effective from Koha item type
  Library of Congress Classification     Non-fiction Binangonan College Library Binangonan College Library Foreign Section 06/07/2023   HF5691 S631 2003 URSBIN-0737 04/28/2016 04/28/2016 Foreign Books

University of Rizal System
Email us at univlibservices@urs.edu.ph

Visit our Website www.urs.edu.ph/library